Feminizácia chudoby v podmienkach Slovenskej republiky bakalárska práca

Uložené v:
Podrobná bibliografia
Hlavný autor: Furmanová, Alžbeta
Korporativný autor: Národohospodárska fakulta EU. Katedra sociálneho rozvoja a práce
Ďalší autori: Šipikalová, Silvia, 1979-
Médium: Kniha
Jazyk:Slovak
Vydavateľské údaje: Bratislava 2024
Tagy: Pridať tag
Žiadne tagy, Buďte prvý, kto otaguje tento záznam!

MARC

LEADER 00000nbm a2200000 4500
001 0301745
005 20250610094241.2
041 0 |a slo 
044 |a SK 
245 1 0 |a Feminizácia chudoby v podmienkach Slovenskej republiky  |b bakalárska práca  |c Alžbeta Furmanová ; školiteľ: Silvia Šipikalová 
264 1 |a Bratislava  |c 2024 
300 |a 41 s. 
100 1 |a Furmanová, Alžbeta 
700 1 |a Šipikalová, Silvia, 1979- 
710 2 |a Národohospodárska fakulta EU. Katedra sociálneho rozvoja a práce